Gramíneas bonaerenses : clave para la determinación de los géneros y enumeración de las especies /
Guardado en:
| Autor Principal: | |
|---|---|
| Formato: | Libro |
| Idioma: | Spanish |
| Publicado: |
Buenos Aires :
Acme,
1958.
|
| Edición: | 5a ed. corregida y aumentada. |
| Materias: | |
| Etiquetas: |
Agregar Etiqueta
Sin Etiquetas, Sea el primero en etiquetar este registro!
|
| LEADER | 01043nam a22002055a 4500 | ||
|---|---|---|---|
| 001 | EEA.libagro001178 | ||
| 005 | 20180424125253.0 | ||
| 008 | 130809s1958####ag#a##########000#0#spa#d | ||
| 082 | 0 | 4 | |a 584.9 |
| 082 | 0 | 4 | |a 581.98212 |
| 100 | 1 | |a Parodi, Lorenzo R. |q (Lorenzo Raimundo), |d 1895-1966. | |
| 245 | 1 | 0 | |a Gramíneas bonaerenses : |b clave para la determinación de los géneros y enumeración de las especies / |c por Lorenzo R. Parodi. |
| 250 | |a 5a ed. corregida y aumentada. | ||
| 260 | |a Buenos Aires : |b Acme, |c 1958. | ||
| 300 | |a 142 p. : |b il. ; |c 23 cm. | ||
| 505 | 0 | |a I. Morfología -- II. Cariosistemática -- III. Taxonomía: la nueva clasificación de las Gramíneas -- IV. Enumeración de las especies -- V. Bibliografía -- VI. Índices de las subfamilias, tribus y géneros. | |
| 650 | 7 | |a Gramíneas |z Argentina |z Buenos Aires (Provincia) |2 agrovoc | |
| 650 | 7 | |a Botánica |z Argentina |z Buenos Aires (Provincia) |2 agrovoc | |
| 859 | |a AR-BbBCA |b BIB. AGRONOMIA |h 584.9 |i P257a5 |p 1961/0091 | ||
| 859 | |a AR-BbBCA |b BIB. AGRONOMIA |h 584.9 |i P257a5 |p 2006/5006 |t Ej.2 | ||
